Cerita-cerita motivasi untuk pemimpin

Bibliographic Details
Main Author: Mohd. Fadzilah Kamsah
Other Authors: Fauzul Na'im Ishak
Format: Book
Published: Selangor : PTS Millennia , 2006
Series:Siri inspirasi
Subjects:

MARC

LEADER 00000cam a2200000 7i4500
001 0000011913
005 20160330.0
008 071120
020 |a 9833603920 
090 0 0 |a 297.18   |b MOH 
100 0 |a Mohd. Fadzilah Kamsah 
245 1 0 |a Cerita-cerita motivasi untuk pemimpin   |c Mohd.Fadzilah Kamsah & Fauzul Na'im Ishak 
260 |a Selangor :   |b PTS Millennia ,   |c 2006 
440 |a Siri inspirasi 
500 |a Teenager ages 13-18 years old (blue) 
650 0 |a Didaction fiction, Malay 
650 0 |a Islamic stories, Malay 
650 0 |a Malay fiction 
700 0 |a Fauzul Na'im Ishak 
999 |a 0001003896   |b Book   |c Adult Collection   |e Perbadanan Perpustakaan Awam Johor 
999 |a 0001003897   |b Book   |c Adult Collection   |e Perbadanan Perpustakaan Awam Johor 
999 |a 0001003898   |b Book   |c Adult Collection   |e Perbadanan Perpustakaan Awam Johor 
999 |a 0001003899   |b Book   |c Adult Collection   |e Cawangan Bandar Penawar 
999 |a 0001003900   |b Book   |c Adult Collection   |e Perbadanan Perpustakaan Awam Johor